000 00775nam a2200181Ia 4500
008 100920s9999 xx 000 0 und d
082 _b21753
_a410 थ 62
100 _aसरदार गंगाधर बाळकृष्ण.
245 _aसंतवाङ्रमयाची सामाजिक फलश्रुति.
260 _bमहाराष्ट्र-साहित्य-परिषद, पुणे 30.
_c1962
300 _a132
_bसाधी
365 _b3
520 _aभाषा.
630 _aसंतवाङ्रमयाची सामाजिक फलश्रुति.
650 _aभाषा.
730 _aसंतवाङ्रमयाची सामाजिक फलश्रुति.
942 _cBOOK
999 _c681608
_d681605